LIBRARY & INFORMATION CENTRE, KCAET, TAVANUR

ONLINE PUBLIC ACCESS CATALOGUE (OPAC)

Structural Engineering / (Record no. 60)

MARC details
000 -LEADER
fixed length control field 00300cam a2200145ua 4500
082 ## - DEWEY DECIMAL CLASSIFICATION NUMBER
Classification number 620
Item number RAO/ST
100 ## - MAIN ENTRY--AUTHOR NAME
Personal name Rao, J. K .
245 ## - TITLE STATEMENT
Title Structural Engineering /
250 ## - EDITION STATEMENT
Edition statement 4 /
260 ## - PUBLICATION, DISTRIBUTION, ETC. (IMPRINT)
Place of publication Bangalore :
Name of publisher Dixit & Co. ,
Year of publication 1966.
300 ## - PHYSICAL DESCRIPTION
Number of Pages 211 ; .
942 ## - ADDED ENTRY ELEMENTS (KOHA)
Koha item type Books
003 - CONTROL NUMBER IDENTIFIER
control field @
003 - CONTROL NUMBER IDENTIFIER
control field OSt
Holdings
Withdrawn status Lost status Damaged status Home library Current library Date acquired Full call number Accession Number Koha item type Shelving location
    Damaged KAUAET KAUAET 07/04/2012 620 RAO/ST 12882 Books  
    Damaged KAUAET KAUAET 07/04/2012 620 RAO/ST 13255 Books Binding Shelf
free website counter